00529cam a22002171 4500001001300000003000400013005001700017008004100034010001700075035002000092040001800112042001200130050001600142100002600158245003500184260001100219300001800230500001500248650003100263999001700294ne 64000379 DLC20260227111755.0890406s1958 xx 000 0 ara  ane 64000379  a(OCoLC)23523432 aDLCcMiUdDLC apremarc00aLB1033b.M21 aMandūr, Muḥammad.13aal-Thaqāfah wa-ajhizatuhā. c[1958] a91 p.c22 cm. aRomanized. 0aTeachingxAids and devices c46697d46697